000 00541nam a22001937a 4500
003 KOHA_MİRAKIL
005 20250424165503.0
008 250424b tu ||||| |||| 00| 0 tur d
020 _a9786052305058
040 _aTR-AnABB
_btur
_cTR-AnABB
041 _atur
082 _a813.42
_bARS 2017
100 1 _aArslantürk, S. Murat,
245 1 0 _aKonsomatris / dellek /
_cS. Murat Arslantürk
260 _aİstanbul :
_bLibrum Kitap,
_c2017
300 _a117 sayfa ;
_c20 cm
650 0 4 _aTürk edebiyatı, roman
942 _2ddc
_cBK
999 _c8835
_d8835
900 _bGizem YORULMAZ